Statistics for Season 5 Celebrity Apprentice Cast Quiz

Click here to take the quiz!

General Stats

  • This quiz has been taken 22 times
  • The average score is 9 of 18

Answer Stats

Celebrity % Correct
Arsenio Hall
89%
Clay Aiken
84%
Aubrey O’Day
84%
Lisa Lampanelli
74%
Lou Ferrigno
68%
Penn Jillette
68%
Dee Snider
68%
Debbie Gibson
58%
George Takei
53%
Dayana Mendoza
53%
Adam Carolla
47%
Teresa Giudice
42%
Paul Teutul, Sr
37%
Victoria Gotti
37%
Tia Carrere
37%
Cheryl Tiegs
32%
Michael Andretti
32%
Patricia Velásquez
26%

Score Distribution

Percentile by Number Answered

Percent of People with Each Score

Your Score History

You have not taken this quiz